header

Richard Baxter's reformed liturgy : (Record no. 112456)

MARC details
000 -LEADER
fixed length control field 02043nam a2200457 i 4500
001 - CONTROL NUMBER
control field ebr10872456
003 - CONTROL NUMBER IDENTIFIER
control field CaPaEBR
006 - FIXED-LENGTH DATA ELEMENTS--ADDITIONAL MATERIAL CHARACTERISTICS--GENERAL INFORMATION
fixed length control field m o d
007 - PHYSICAL DESCRIPTION FIXED FIELD--GENERAL INFORMATION
fixed length control field cr cn|||||||||
008 - FIXED-LENGTH DATA ELEMENTS--GENERAL INFORMATION
fixed length control field 140529t20142014enk ob 001 0 eng d
020 ## - INTERNATIONAL STANDARD BOOK NUMBER
Cancelled/invalid ISBN 9781409436942
International Standard Book Number 9781409436959 (e-book)
Cancelled/invalid ISBN 9781472400499 (ePUB)
040 ## - CATALOGING SOURCE
Original cataloging agency CaPaEBR
Language of cataloging eng
Description conventions rda
-- pn
Transcribing agency CaPaEBR
035 ## - SYSTEM CONTROL NUMBER
System control number (OCoLC)880531211
043 ## - GEOGRAPHIC AREA CODE
Geographic area code e-uk---
050 14 - LIBRARY OF CONGRESS CALL NUMBER
Classification number BV193.G7
Item number .S44 2014eb
082 04 - DEWEY DECIMAL CLASSIFICATION NUMBER
Classification number 264/.059
Edition number 23
100 1# - MAIN ENTRY--PERSONAL NAME
Personal name Segger, Glen J.,
Relator term author.
245 10 - TITLE STATEMENT
Title Richard Baxter's reformed liturgy :
Remainder of title a Puritan alternative to the book of common prayer /
Statement of responsibility, etc Glen J. Segger.
264 #1 - PRODUCTION, PUBLICATION, DISTRIBUTION, MANUFACTURE, AND COPYRIGHT NOTICE
Place of production, publication, distribution, manufacture Surrey, England ;
-- Burlington, Vermont :
Name of producer, publisher, distributor, manufacturer Ashgate,
Date of production, publication, distribution, manufacture, or copyright notice 2014.
Date of production, publication, distribution, manufacture, or copyright notice �2014
300 ## - PHYSICAL DESCRIPTION
Extent 1 online resource (295 pages).
336 ## - CONTENT TYPE
Content type term text
Source rdacontent
337 ## - MEDIA TYPE
Media type term computer
Source rdamedia
338 ## - CARRIER TYPE
Carrier type term online resource
Source rdacarrier
490 1# - SERIES STATEMENT
Series statement Liturgy, Worship and Society
504 ## - BIBLIOGRAPHY, ETC. NOTE
Bibliography, etc Includes bibliographical references and index.
588 ## - SOURCE OF DESCRIPTION NOTE
Source of description note Description based on print version record.
590 ## - LOCAL NOTE (RLIN)
Local note Electronic reproduction. Palo Alto, Calif. : ebrary, 2014. Available via World Wide Web. Access may be limited to ebrary affiliated libraries.
600 10 - SUBJECT ADDED ENTRY--PERSONAL NAME
Personal name Baxter, Richard,
Dates associated with a name 1615-1691.
650 #0 - SUBJECT ADDED ENTRY--TOPICAL TERM
Topical term or geographic name as entry element Liturgics
Geographic subdivision Great Britain
General subdivision History
Chronological subdivision 17th century.
Topical term or geographic name as entry element Reformed Church
General subdivision Liturgy
-- Texts
-- History and criticism.
Topical term or geographic name as entry element Reformed Church
General subdivision Liturgy
Form subdivision Texts.
651 #0 - SUBJECT ADDED ENTRY--GEOGRAPHIC NAME
Geographic name Great Britain
General subdivision Church history
Chronological subdivision 17th century.
655 #0 - INDEX TERM--GENRE/FORM
Genre/form data or focus term Electronic books.
776 08 - ADDITIONAL PHYSICAL FORM ENTRY
Display text Print version:
Main entry heading Segger, Glen J.
Title Richard Baxter's reformed liturgy : a Puritan alternative to the book of common prayer.
Place, publisher, and date of publication Surrey, England ; Burlington, Vermont : Ashgate, c2014
Physical description xii, 282 pages
Series data for related item Liturgy, worship, and society.
International Standard Book Number 9781409436942
Record control number 2013045820
797 2# - LOCAL ADDED ENTRY--CORPORATE NAME (RLIN)
Corporate name or jurisdiction name as entry element ebrary.
830 #0 - SERIES ADDED ENTRY--UNIFORM TITLE
Uniform title Liturgy, worship, and society.
856 40 - ELECTRONIC LOCATION AND ACCESS
Uniform Resource Identifier <a href="http://site.ebrary.com/lib/rucke/Doc?id=10872456">http://site.ebrary.com/lib/rucke/Doc?id=10872456</a>
Public note An electronic book accessible through the World Wide Web; click to view

No items available.

© 2026 Rongo University
Contact us: librarian | system librarian | Rongo university